Responses for show #3756 - Monday, December 25, 2000

2000 Holiday Kids Week game 1.

Contestants

[<< previous game]

Sandra Thomas, a 12-year-old from Hartsdale, New York

Billy King, a 13-year-old from St. Albans, West Virginia

Elizabeth Rogers, a 12-year-old from Owensboro, Kentucky

[next game >>]

Jeopardy! Round responses

GUINNESS RECORDS
THE BIRDS & THE BEES
A CHRISTMAS SONGBOOK
LET'S GO TO THE BEACH
PARTIES OF 5
THE DREADED SPELLING CATEGORY
(Alex: In which you will have to spell the important word.)
    $100 5
(Billy: What is a cheesecake?)

strawberry shortcake

ElizabethBilly
    $100 26
honeybees

Billy
    $100 13
(Billy: What is "Round yon virgin mother?")

"Silent Night, Holy Night"

BillySandy
    $100 1
sunglasses

Sandy
    $100 21
basketball

Billy
    $100 4
D-I-S-C-O-U-R-A-G-E-D

Billy
    $200 6
"Cinderella"

Billy
    $200 27
[buzzer sounds to end the round]

hive

Sandy
    $200 14
Frosty the Snowman

Elizabeth
    $200 2
sandcastle

Elizabeth
    $200 22
Life Savers

Billy
    $200 7
(Sandy: A-P-P-R-E-C-I-T-I-O-N?)

A-P-P-R-E-C-I-A-T-I-O-N

BillySandy
    $300 8
lightning

Sandy
    $300 15
naughty and nice

Billy
    $300 3
lifeguards

Billy
    $1,000 23
the Pentagon

Billy
    $300 11
(Elizabeth: What is P-R-I-V-E...)
(Sandy: P-R-I-V-L-E-D-G-E?)
(Billy: What is P-R-I-V-I-L-A-G-E?)
...
(Alex: And Sandy, I want to caution you: remember to phrase your response in the form of a question.)

P-R-I-V-I-L-E-G-E

ElizabethBillySandy
Triple Stumper
    $400 9
(Sandy: What is Europe?)

Antarctica

BillySandy
    $400 16
"Jingle Bell Time"

Billy
    $400 19
snorkel

Sandy
    $400 24
quintuplets

Billy
    $400 12
(Alex: Sandy, you got it right, but you didn't phrase it in the form of a question; I'm not going to remind you anymore.)

I-M-P-A-T-I-E-N-T

Sandy
    $500 10
England & France

Billy
    $500 17
"The Little Drummer Boy"

Billy
    $500 20
coral

Elizabeth
    $500 25
5 golden rings

Billy
    $500 18
(Elizabeth: A-C-O-M-A-D-A-T-E?)
(Billy: What is A-C-C-O-M-A-D-A-T-E?)
(Sandy: What is A-C-C-O-D-A-T-E?)

A-C-C-O-M-M-O-D-A-T-E

ElizabethBillySandy
Triple Stumper

Scores at the first commercial break (after clue 12):

Elizabeth Billy Sandy
$0 $1,300 -$100

Scores at the end of the Jeopardy! Round:

Elizabeth Billy Sandy
$200 $4,200 $100

Double Jeopardy! Round responses

ONCE UPON A DECEMBER
THIS PLACE IS A ZOO!
LAKES & RIVERS
WEBSITES
SANTA
CLAWS
    $200 1
(Elizabeth: What is Texas?)

Chihuahua

ElizabethBilly
    $200 7
Madrid

Billy
    $200 26
the Amazon

Billy
    $200 2
homework

Billy
    $200 21
Rudolph

Billy
    $200 16
eagle

Sandy
    $400 12
Puerto Rico

Elizabeth
    $400 8
Ohio

Billy
    $400 3
St. Louis Cardinals

Billy
    $400 22
department store

Elizabeth
    $400 17
lobster

Elizabeth
    $600 13
(Sandy: What is...sorry.)

the Constitution

BillySandy
    $600 9
Oklahoma City

Sandy
    $600 29
[buzzer sounds to end the round]

Lake Ontario

Sandy
    $600 4
family tree

Billy
    $600 23
Saint Nicholas

Sandy
    $600 18
hammer

Sandy
    $800 14
(Elizabeth: What is Carnegie Hall?)
(Sandy: What is the New York Music Hall?)

Radio City Music Hall

ElizabethSandy
Triple Stumper
    $800 10
Switzerland

Elizabeth
    $800 28
(Billy: What is the St. Lawrence?)
(Elizabeth: What is the Mississippi?)

the Missouri

ElizabethBilly
Triple Stumper
    $600 5
NASA

Billy
    $700 24
Kris Kringle

Sandy
    $800 19
Tyrannosaurus Rex

Billy
    $1000 15
the Nobel Peace Prize

Billy
    $1000 11
Sydney

Billy
    $1000 27
the Caspian Sea

Billy
    $1000 6
X-rays

Elizabeth
    $1000 25
Father Christmas

Sandy
    $1000 20
sheath

Sandy

Scores at the end of the Double Jeopardy! Round:

Elizabeth Billy Sandy
$1,400 $10,800 $4,000
(lock game)

[wagering suggestions for these scores]

Final Jeopardy! Round responses

U.S. CITIES
(Alex: Thanks to all three of you for a good game, Merry Christmas to everyone & we'll do it again tomorrow!)
ElizabethWhat Seattle??
$1,398
SandyWhat is Portland?
$1,555
BillyWhat is Salem?
$2,799
Portland

Final scores:

Elizabeth Billy Sandy
$2 $8,001 $5,555
3rd place: MyPoints.com gift certificate + a trip for 4 to the Hilton Hawaiian Village, Oahu, Hawaii Winner: $8,001 + a trip for 4 to the Hilton Hawaiian Village, Oahu, Hawaii 2nd place: MyPoints.com gift certificate + a trip for 4 to the Hilton Hawaiian Village, Oahu, Hawaii

Game dynamics:

Coryat scores:

Elizabeth Billy Sandy
$1,400 $10,300 $4,100
9 R,
5 W
29 R
(including 2 DDs),
5 W
14 R
(including 1 DD),
6 W

Combined Coryat: $15,800

The J! Archive is created by fans, for fans. The Jeopardy! game show and all elements thereof, including but not limited to copyright and trademark thereto, are the property of Jeopardy Productions, Inc. and are protected under law. This website is not affiliated with, sponsored by, or operated by Jeopardy Productions, Inc. Join the discussion at JBoard.tv.